Statistics for USA A-Z (x2)

Click here to take the quiz!

General Stats

  • This quiz has been taken 76 times
  • The average score is 37 of 52

Answer Stats

Description Answer % Correct
BThis city had a Tea Party in 1773Boston
97%
FState closest to the BahamasFlorida
97%
LSin CityLas Vegas
91%
UWhat does USA mean?United States of America
91%
NThe Super Bowl is organized by this sports leagueNFL
89%
EPresident who helped leading the Allied invasions in WWIIEisenhower
89%
UThe Mormon stateUtah
89%
AOne of the Big Three television networksABC
89%
HHarvey, Katrina, Sandy,....Hurricane
88%
TFourth Thursday of NovemberThanksgiving
88%
TCurrent presidentTrump
88%
YFirst National ParkYellowstone
86%
KBig city located in Missouri and KansasKansas City
86%
KThe U.S. currently has some problems with this North KoreanKim Jong-un
86%
OFirst president born in HawaiiObama
85%
VOnly war the U.S. lost (but not officially)Vietnam War
85%
YNew York team or southern word for NorthernersYankees
85%
ENew York's immigration islandEllis Island
83%
RLongest mountain rangeRocky Mountains
83%
P51st state?Puerto Rico
83%
WLarge retail chain founded by Sam WaltonWal-Mart
82%
MBeaches, Cubans, DolphinsMiami
82%
DWhat does 'D.C.' mean?District of Columbia
82%
SNational anthem of the USAStar - Spangled Banner
80%
IIndigenous peoples of AlaskaInuit
79%
OMost populous Hawaiian islandOahu
79%
XCompany that makes and sells photocopiers and paper.Xerox
77%
ABattle near San AntonioAlamo
77%
MThis ship landed at Plymouth Rock in 1620Mayflower
76%
H"D'oh!"Homer
74%
NNonprofit organization which advocates for gun rightsNRA
71%
ZFirst name of former president TaylorZachary
71%
WThe White House part where the Oval Office is locatedWest Wing
71%
GWhat happened in California in 1848?Gold Rush
71%
FWhat does 'FLOTUS' mean?First Lady of the United States
70%
CThe Great White NorthCanada
68%
I"A date which will live in ...."Infamy
68%
QMembers of a historically Christian group, God is in every personQuaker
65%
LGreat EmpancipatorLincoln
62%
ROther word for GOPRepublican Party
59%
PThe 21st Amendment ended thisProhibition
58%
CEthnic group mainly living in LouisianaCajuns
58%
JCapital of MissouriJefferson City
58%
DThe Big DDallas
56%
QVice president of Pres. Bush seniorQuayle
47%
SShoshone woman who helped Lewis and ClarkSacagawea
45%
GHe was mayor of New York during the 9/11 attacksGiuliani
44%
VNickname of TennesseeVolunteer State
35%
BNorthernmost city in the USABarrow
27%
XThe only U.S. city starting with that letterXenia
20%
ZFilm showing the assassination of JFKZapruder
18%
JLargest bankJPMorgan Chase
11%

Score Distribution

Percentile by Number Answered

Percent of People with Each Score

Your Score History

You have not taken this quiz